000 00695nam a2200229Ia 4500
005 20260429112259.0
008 260429s9999||||xx |||||||||||||| ||und||
020 _a9788197951657
041 _aEnglish
082 _a333.72
_bLAL
100 _aLalzarzovi, S. T.
245 0 _aSustainable solutions :
_bnavigating climate change and natural resources /
_cS. T. Lalzarzovi
260 _aNew Delhi :
_bToday & Tomorrow's Printers and Publishers,
_c2025.
300 _a258 p.; hb
650 _a Natural resources management
650 _a Sustainability
650 _aClimate change
700 _a Lalnuntluanga
700 _a Mishra, B. P.
700 _a Tripathi, O. P.
942 _cTB
999 _c53285
_d53285